| 000 | 00420cam a22001337a 4500 | ||
|---|---|---|---|
| 008 | 180718b1957 xxu||||| |||| 00| 0 eng d | ||
| 082 | _aA2:B An72 | ||
| 245 |
_aAnnals of the social sciences: a bibliographical survey, 1401-1918 _cedited by Hideo Yamada |
||
| 260 |
_aTokyo _bDobunkan _c1957 |
||
| 300 | _a-v- | ||
| 500 | _aContents: v.1., 1957. 560p. | ||
| 650 | _aSocial Science - Bibliography | ||
| 700 | _aYamada, Hideo | ||
| 999 |
_c358439 _d358439 |
||